| 000 | 00671nam a2200241Ia 4500 | ||
|---|---|---|---|
| 003 | OSt | ||
| 005 | 20221007082637.0 | ||
| 006 | a|||||r|||| 00| 0 | ||
| 007 | ta | ||
| 008 | 221006b |||||||| |||| 00| 0 eng d | ||
| 024 | _a26,272 | ||
| 037 | _cReports / Technical Reports | ||
| 040 |
_aFLL _cFLL _beng |
||
| 041 |
_2eng _aeng |
||
| 082 | _aX7:8F.2.N80t,P, M0.81-85 | ||
| 110 | _aGovt. of India | ||
| 245 | 0 | _a(81-85th reoprt ) public accounts committee 1981-92 | |
| 260 | _c1980 | ||
| 300 |
_avi,79p _ccm. |
||
| 700 | _aGovt. of India | ||
| 942 |
_hX7:8F.2.N80t,P, M0.81-85 _cREP _2CC |
||
| 999 |
_c1167185 _d1167185 |
||